Detalles MARC
| 000 -LEADER |
| campo de control de longitud fija |
03864cam a2200745Ka 4500 |
| 003 - IDENTIFICADOR DE NÚMERO DE CONTROL |
| campo de control |
PE-LiUPU |
| 005 - FECHA Y HORA DE LA ÚLTIMA TRANSACCIÓN |
| campo de control |
20250731173148.0 |
| 008 - DATOS DE LONGITUD FIJA--INFORMACIÓN GENERAL |
| campo de control de longitud fija |
100326s1987 miu obm 000 0 eng d |
| 020 ## - NÚMERO INTERNACIONAL ESTÁNDAR DEL LIBRO |
| Número Internacional Estándar del Libro |
0943872499 |
| 020 ## - NÚMERO INTERNACIONAL ESTÁNDAR DEL LIBRO |
| Número Internacional Estándar del Libro |
9780943872490 |
| 035 ## - NÚMERO DE CONTROL DEL SISTEMA |
| Número de control de sistema |
(Sirsi) i9780943872490 |
| 040 ## - FUENTE DE CATALOGACIÓN |
| Centro catalogador/agencia de origen |
OCLCE |
| Lengua de catalogación |
eng |
| Normas de descripción |
pn |
| Centro/agencia transcriptor |
OCLCE |
| Centro/agencia modificador |
OCLCQ |
| -- |
OCLCO |
| -- |
OCLCQ |
| 049 ## - FONDOS LOCALES (OCLC) |
| Biblioteca depositaria |
PRUA |
| 050 #4 - SIGNATURA TOPOGRÁFICA DE LA BIBLIOTECA DEL CONGRESO |
| Número de clasificación |
BX6109 |
| Número de ítem |
.AU13 1987 |
| 082 04 - NÚMERO DE LA CLASIFICACIÓN DECIMAL DEWEY |
| Número de clasificación |
286.73205 |
| Cutter |
AUS |
| Número de edición |
21 |
| 100 1# - ENTRADA PRINCIPAL--NOMBRE DE PERSONA |
| Nombre de persona |
Van Bemmelen, Peter Maarten., |
| Término indicativo de función/relación |
autor. |
| 245 10 - MENCIÓN DEL TÍTULO |
| Título |
Issues in Biblical inspiration : |
| Resto del título |
Sanday and Warfield / |
| Mención de responsabilidad, etc. |
by Peter Maarten van Bemmelen. |
| 264 #1 - PRODUCCIÓN, PUBLICACIÓN, DISTRIBUCIÓN, FABRICACIÓN Y COPYRIGHT |
| Producción, publicación, distribución, fabricación y copyright |
Berrien Springs, Mich. : |
| Nombre del de productor, editor, distribuidor, fabricante |
Andrews University Press, |
| Fecha de producción, publicación, distribución, fabricación o copyright |
©1987. |
| 300 ## - DESCRIPCIÓN FÍSICA |
| Extensión |
424 páginas ; |
| Dimensiones |
23 centímetros. |
| 336 ## - TIPO DE CONTENIDO |
| Término de tipo de contenido |
text |
| Fuente |
rdacontent |
| 337 ## - TIPO DE MEDIO |
| Nombre/término del tipo de medio |
unmediated |
| Fuente |
rdamedia |
| 338 ## - TIPO DE SOPORTE |
| Nombre/término del tipo de soporte |
volume |
| Fuente |
rdacarrier |
| 490 1# - MENCIÓN DE SERIE |
| Mención de serie |
Andrews University Seminary doctoral dissertation series ; |
| Designación de volumen o secuencia |
13 |
| 502 ## - NOTA DE TESIS |
| Nota de tesis |
Previously issued as a Th. D. thesis, Andrews University, Seventh-day Adventist Theological Seminary. |
| 504 ## - NOTA DE BIBLIOGRAFÍA, ETC. |
| Nota de bibliografía, etc. |
Bibliografía : páginas 386-421. |
| 526 ## - NOTA DE INFORMACIÓN SOBRE EL PROGRAMA DE ESTUDIO |
| Nombre del programa |
Segunda Especialidad En Profecías Bíblicas |
| 526 ## - NOTA DE INFORMACIÓN SOBRE EL PROGRAMA DE ESTUDIO |
| Nombre del programa |
Segunda Especialidad En Nuevo Testamento |
| 526 ## - NOTA DE INFORMACIÓN SOBRE EL PROGRAMA DE ESTUDIO |
| Nombre del programa |
Segunda Especialidad En Antiguo Testamento |
| 526 ## - NOTA DE INFORMACIÓN SOBRE EL PROGRAMA DE ESTUDIO |
| Nombre del programa |
Segunda Especialidad En Estudios Adventistas |
| 526 ## - NOTA DE INFORMACIÓN SOBRE EL PROGRAMA DE ESTUDIO |
| Nombre del programa |
Doctorado en teología |
| 526 ## - NOTA DE INFORMACIÓN SOBRE EL PROGRAMA DE ESTUDIO |
| Nombre del programa |
Maestría en teología histórica |
| 526 ## - NOTA DE INFORMACIÓN SOBRE EL PROGRAMA DE ESTUDIO |
| Nombre del programa |
Maestría en teología bíblica |
| 526 ## - NOTA DE INFORMACIÓN SOBRE EL PROGRAMA DE ESTUDIO |
| Nombre del programa |
Maestría en teología |
| 526 ## - NOTA DE INFORMACIÓN SOBRE EL PROGRAMA DE ESTUDIO |
| Nombre del programa |
Maestría en misionología |
| 526 ## - NOTA DE INFORMACIÓN SOBRE EL PROGRAMA DE ESTUDIO |
| Nombre del programa |
Maestría en liderazgo eclesiástico |
| 526 ## - NOTA DE INFORMACIÓN SOBRE EL PROGRAMA DE ESTUDIO |
| Nombre del programa |
Teología |
| 596 ## - |
| -- |
1 4 |
| 600 10 - PUNTO DE ACCESO ADICIONAL DE MATERIA--NOMBRE DE PERSONA |
| Nombre de persona |
Sanday, W. |
| Forma completa/desarrollada del nombre |
(William), |
| Fechas asociadas al nombre |
1843-1920. |
| 600 10 - PUNTO DE ACCESO ADICIONAL DE MATERIA--NOMBRE DE PERSONA |
| Nombre de persona |
Warfield, Benjamin Breckinridge, |
| Fechas asociadas al nombre |
1851-1921. |
| 630 00 - PUNTO DE ACCESO ADICIONAL DE MATERIA--TÍTULO UNIFORME |
| Título uniforme |
Bible |
| Subdivisión general |
Inspiration |
| -- |
History of doctrines. |
| 856 40 - LOCALIZACIÓN Y ACCESO ELECTRÓNICOS |
| Materiales especificados |
Google |
| Identificador Uniforme de Recursos |
<a href="http://books.google.com/books?id=5qXYAAAAMAAJ">http://books.google.com/books?id=5qXYAAAAMAAJ</a> |
| 856 40 - LOCALIZACIÓN Y ACCESO ELECTRÓNICOS |
| Materiales especificados |
Google |
| Identificador Uniforme de Recursos |
<a href="http://books.google.com/books?id=5qXYAAAAMAAJ">http://books.google.com/books?id=5qXYAAAAMAAJ</a> |
| 856 40 - LOCALIZACIÓN Y ACCESO ELECTRÓNICOS |
| Materiales especificados |
HathiTrust Digital Library, Limited view (search only) |
| Identificador Uniforme de Recursos |
<a href="http://catalog.hathitrust.org/api/volumes/oclc/18787281.html">http://catalog.hathitrust.org/api/volumes/oclc/18787281.html</a> |
| 856 40 - LOCALIZACIÓN Y ACCESO ELECTRÓNICOS |
| Materiales especificados |
HathiTrust Digital Library, Limited view (search only) |
| Identificador Uniforme de Recursos |
<a href="http://catalog.hathitrust.org/api/volumes/oclc/18787281.html">http://catalog.hathitrust.org/api/volumes/oclc/18787281.html</a> |
| 856 40 - LOCALIZACIÓN Y ACCESO ELECTRÓNICOS |
| Materiales especificados |
Google |
| Identificador Uniforme de Recursos |
<a href="http://books.google.com/books?id=5qXYAAAAMAAJ">http://books.google.com/books?id=5qXYAAAAMAAJ</a> |
| 856 40 - LOCALIZACIÓN Y ACCESO ELECTRÓNICOS |
| Materiales especificados |
Google |
| Identificador Uniforme de Recursos |
<a href="http://books.google.com/books?id=5qXYAAAAMAAJ">http://books.google.com/books?id=5qXYAAAAMAAJ</a> |
| 856 40 - LOCALIZACIÓN Y ACCESO ELECTRÓNICOS |
| Materiales especificados |
HathiTrust Digital Library, Limited view (search only) |
| Identificador Uniforme de Recursos |
<a href="http://catalog.hathitrust.org/api/volumes/oclc/18787281.html">http://catalog.hathitrust.org/api/volumes/oclc/18787281.html</a> |
| 856 40 - LOCALIZACIÓN Y ACCESO ELECTRÓNICOS |
| Materiales especificados |
HathiTrust Digital Library, Limited view (search only) |
| Identificador Uniforme de Recursos |
<a href="http://catalog.hathitrust.org/api/volumes/oclc/18787281.html">http://catalog.hathitrust.org/api/volumes/oclc/18787281.html</a> |
| 856 40 - LOCALIZACIÓN Y ACCESO ELECTRÓNICOS |
| Materiales especificados |
Google |
| Identificador Uniforme de Recursos |
<a href="http://books.google.com/books?id=5qXYAAAAMAAJ">http://books.google.com/books?id=5qXYAAAAMAAJ</a> |
| 856 40 - LOCALIZACIÓN Y ACCESO ELECTRÓNICOS |
| Materiales especificados |
Google |
| Identificador Uniforme de Recursos |
<a href="http://books.google.com/books?id=5qXYAAAAMAAJ">http://books.google.com/books?id=5qXYAAAAMAAJ</a> |
| 856 40 - LOCALIZACIÓN Y ACCESO ELECTRÓNICOS |
| Materiales especificados |
HathiTrust Digital Library, Limited view (search only) |
| Identificador Uniforme de Recursos |
<a href="http://catalog.hathitrust.org/api/volumes/oclc/18787281.html">http://catalog.hathitrust.org/api/volumes/oclc/18787281.html</a> |
| 856 40 - LOCALIZACIÓN Y ACCESO ELECTRÓNICOS |
| Materiales especificados |
HathiTrust Digital Library, Limited view (search only) |
| Identificador Uniforme de Recursos |
<a href="http://catalog.hathitrust.org/api/volumes/oclc/18787281.html">http://catalog.hathitrust.org/api/volumes/oclc/18787281.html</a> |
| 856 40 - LOCALIZACIÓN Y ACCESO ELECTRÓNICOS |
| Materiales especificados |
Google |
| Identificador Uniforme de Recursos |
<a href="http://books.google.com/books?id=5qXYAAAAMAAJ">http://books.google.com/books?id=5qXYAAAAMAAJ</a> |
| 856 40 - LOCALIZACIÓN Y ACCESO ELECTRÓNICOS |
| Materiales especificados |
HathiTrust Digital Library, Limited view (search only) |
| Identificador Uniforme de Recursos |
<a href="http://catalog.hathitrust.org/api/volumes/oclc/18787281.html">http://catalog.hathitrust.org/api/volumes/oclc/18787281.html</a> |
| 856 40 - LOCALIZACIÓN Y ACCESO ELECTRÓNICOS |
| Materiales especificados |
Google |
| Identificador Uniforme de Recursos |
<a href="http://books.google.com/books?id=5qXYAAAAMAAJ">http://books.google.com/books?id=5qXYAAAAMAAJ</a> |
| 856 40 - LOCALIZACIÓN Y ACCESO ELECTRÓNICOS |
| Materiales especificados |
HathiTrust Digital Library, Limited view (search only) |
| Identificador Uniforme de Recursos |
<a href="http://catalog.hathitrust.org/api/volumes/oclc/18787281.html">http://catalog.hathitrust.org/api/volumes/oclc/18787281.html</a> |
| 910 ## - DATOS DE OPCIÓN DEL USUARIO (OCLC) |
| Datos de opción del usuario |
lclll |
| -- |
jck |
| -- |
lcll |
| -- |
20160727 |
| 942 ## - ELEMENTOS DE ENTRADA SECUNDARIOS (KOHA) |
| Fuente del sistema de clasificación o colocación |
Clasificación Decimal Dewey |
| Tipo de ítem Koha |
|
| 949 ## - PROCESAMIENTO DE INFORMACIÓN LOCAL (OCLC) |
| a |
220.6 A 13 |
| w |
DEWEY |
| c |
1 |
| i |
53373 |
| f |
2017-2-13 |
| g |
1 |
| l |
CCODEBUL1 |
| m |
BUL |
| p |
10.00 |
| r |
0 |
| s |
Y |
| t |
BOOK |
| u |
2015-6-24 |
| x |
TEOLOGIA |
| -- |
P35 |
| 0 |
COMPRA |
| o |
.STAFF. Colección General |
| 949 ## - PROCESAMIENTO DE INFORMACIÓN LOCAL (OCLC) |
| a |
BS480 .V36 1987 |
| w |
LC |
| c |
1 |
| i |
66400 |
| l |
CIA |
| m |
BWL |
| r |
1 |
| s |
Y |
| t |
BOOK |
| u |
2016-7-25 |
| x |
WHITE |
| z |
UNKNOWN |
| 0 |
COMPRA |
| o |
.STAFF. Centro White |
| 994 ## - |
| -- |
C0 |
| -- |
PEPRU |
| 999 ## - NÚMEROS DE CONTROL DE SISTEMA (KOHA) |
| -- |
DEWEY |
| -- |
53373 |
| -- |
2021-11-9 |
| -- |
5 |
| -- |
CCODEBUL1 |
| -- |
BUL |
| -- |
10.00 |
| -- |
0 |
| -- |
Y |
| -- |
BOOK |
| -- |
2015-6-24 |
| -- |
TEOLOGIA |
| -- |
P35 |
| -- |
COMPRA |
| -- |
.STAFF. Colección General |
| 999 ## - NÚMEROS DE CONTROL DE SISTEMA (KOHA) |
| -- |
LC |
| -- |
CW66400 |
| -- |
2021-12-22 |
| -- |
2 |
| -- |
CCODECWL1 |
| -- |
BWL |
| -- |
30.00 |
| -- |
1 |
| -- |
Y |
| -- |
BOOK |
| -- |
2016-7-25 |
| -- |
WHITE |
| -- |
UNKNOWN |
| -- |
COMPRA |
| -- |
.STAFF. Centro White |
| 980 ## - EQUIVALENCIA O REFERENCIA-CRUZADA-MENCIÓN DE SERIE--NOMBRE DE PERSONA/TÍTULO [LOCAL, CANADÁ] |
| ID del último usuario que modificó el registro |
1 |
| Nombre del último usuario que modificó el registro |
ALBERTO SANCHEZ Responsable de Automatización |